MARC details
| 000 -CABECERA |
| campo de control de longitud fija |
01009nam a2200217 a 4500 |
| 001 - NÚMERO DE CONTROL |
| campo de control |
000041548 |
| 005 - FECHA Y HORA DE LA ÚLTIMA TRANSACCIÓN |
| campo de control |
20201002035632.0 |
| 008 - DATOS DE LONGITUD FIJA--INFORMACIÓN GENERAL |
| campo de control de longitud fija |
131009s1997 sp 000 0 spa d |
| 020 ## - NÚMERO INTERNACIONAL ESTÁNDAR DEL LIBRO |
| Número Internacional Estándar del Libro |
840007694X |
| 040 ## - FUENTE DE LA CATALOGACIÓN |
| Centro catalogador/agencia de origen |
DO-SdBNP |
| 100 1# - ENTRADA PRINCIPAL--NOMBRE DE PERSONA |
| Nombre de persona |
Hayari, Ahmad b. Qasim al- |
| 9 (RLIN) |
68287 |
| 245 10 - MENCIÓN DE TÍTULO |
| Título |
Kitab nasir al-din ala 'l-qawm al-kafirin = |
| Resto del título |
The supporter of religion against the infidel / |
| Mención de responsabilidad, etc. |
Ahmad ibn Qasim al-Hajari ; historical study, critical edition and annotated translation by P. S. van Koningsveld, Q. al-Samarrai, and G. A. Wiegers. |
| 246 13 - FORMA VARIANTE DE TÍTULO |
| Título propio/Titulo breve |
Supporter of religion against the infidels |
| 260 ## - PUBLICACIÓN, DISTRIBUCIÓN, ETC. |
| Lugar de publicación, distribución, etc. |
Madrid : |
| Nombre del editor, distribuidor, etc. |
Consejo Superior de Investigaciones Científicas |
| -- |
Agencia Española de Cooperación Internacional, |
| Fecha de publicación, distribución, etc. |
1997. |
| 300 ## - DESCRIPCIÓN FÍSICA |
| Extensión |
299, 206 p. ; |
| Dimensiones |
24 cm. |
| 490 1# - MENCIÓN DE SERIE |
| Mención de serie |
Fuentes arábico-hispanas ; |
| Designación de volumen o secuencia |
21 |
| 700 1# - PUNTO DE ACCESO ADICIONAL--NOMBRE DE PERSONA |
| Nombre de persona |
Koningsveld, P. Sj. van, |
| Término indicativo de función/relación |
tr. |
| 9 (RLIN) |
68288 |
| 700 1# - PUNTO DE ACCESO ADICIONAL--NOMBRE DE PERSONA |
| Nombre de persona |
Samarra'i., Qasim al-, |
| Término indicativo de función/relación |
tr. |
| 9 (RLIN) |
68289 |
| 700 1# - PUNTO DE ACCESO ADICIONAL--NOMBRE DE PERSONA |
| Nombre de persona |
Wiegers, Gerard Albert, |
| Término indicativo de función/relación |
tr. |
| 9 (RLIN) |
68290 |
| 830 #0 - PUNTO DE ACCESO ADICIONAL DE SERIE-TÍTULO UNIFORME |
| Título uniforme |
Fuentes arábico-hispanas ; |
| Designación de volumen o secuencia |
21 |
| 9 (RLIN) |
65581 |